Importance of Management Function Control in Slovak Companies

Salvato in:
Dettagli Bibliografici
Autore principale: Mišún, Juraj, 1978-
Altri autori: Mišúnová Hudáková, Ivana, 1976-
Natura: Capitolo di libro
Lingua:inglese
Soggetti:
Tags: Aggiungi Tag
Nessun Tag, puoi essere il primo ad aggiungerne!!

MARC

LEADER 00000nla a2200000 4500
001 0237480
005 20240502083635.6
041 0 |a eng 
044 |a TR 
245 1 0 |a Importance of Management Function Control in Slovak Companies  |c Juraj Misun, Ivana Misunová Hudakova 
500 |a Abstrakt 
610 2 0 |a manažment 
610 2 0 |a riadenie 
610 2 0 |a funkcie riadenia 
610 2 0 |a kontroling 
610 2 0 |a kontrola 
610 2 0 |a manažéri 
610 2 0 |a podnik 
100 1 |a Mišún, Juraj, 1978- 
700 1 |a Mišúnová Hudáková, Ivana, 1976-